000 00936nam a22002177a 4500
999 _c1373
_d1373
003 AR-CdUCM
008 190226b ||||| |||| 00| 0 spa d
040 _aMUNICIPALIDAD PROVINCIAL DEL CUSCO
_cBIBLIOTECA MUNICIPAL DEL CUSCO
082 _a370.19 /
_bE33
100 _aEgúsquiza Ramírez, Aquiles
_95247
245 _aIntroducción a una antropología pedagógica integral :
_bProposición de una pedagogía de amor y perdón /
260 _aPeru :
_bGraices EIRL,
_c1994.
300 _a212 paginas ;
_c21 cm.
505 _aContenido: t.1 Antropología Pedagógico-Científica :Introducción al conjunto de la obra --La antropología científica -- La antropología científico-histórica --Antropología científico- biológica ...
650 _aAntropología educativa
_95248
650 _aAspectos filosóficos
_95249
650 _aFilosofía
_9395
650 _aAmor
_9905
942 _2ddc
_cLIBROS
945 _arjall
_d2019-02-26